[Event "New York President's Day IM-C"]
[Site "New York"]
[Date "2024.02.19"]
[Round "8"]
[White "Perez Avendano, Paul Omar"]
[Black "Liu, Kelsey"]
[Result "1/2-1/2"]
[WhiteElo "2218"]
[BlackElo "1904"]
[PlyCount "108"]
[EventDate "2024.02.15"]
[EventType "schev"]
[EventRounds "9"]
[EventCountry "USA"]
[SourceTitle "CBM 218 Extra"]
[Source "ChessBase"]
[SourceDate "2024.03.31"]
[SourceVersion "1"]
[SourceVersionDate "2024.03.31"]
[SourceQuality "1"]

1. e4 c5 2. Nf3 e6 3. d4 cxd4 4. Nxd4 Nc6 5. Nc3 Nf6 6. Nxc6 bxc6 7. e5 Nd5 8. Ne4 Bb7 9. c4 Nb4 10. c5 Qb8 11. f4 Ba6 12. a3 Bxf1 13. Rxf1 Nd5 14. Qd4 Be7 15. f5 exf5 16. Rxf5 0-0 17. Bg5 Qb3 18. Rf3 Qc2 19. Rf2 Qb3 20. Nd2 Qb5 21. Bxe7 Nxe7 22. 0-0-0 a5 23. h4 a4 24. Nc4 Nd5 25. Rd3 Nc7 26. Nd6 Qa5 27. Rc3 Rab8 28. Kb1 Ne6 29. Qc4 Rb3 30. Rff3 h6 31. Rxb3 axb3 32. Rc3 Rb8 33. g3 Qa7 34. h5 Qa5 35. g4 Ng5 36. Qd3 Ne6 37. Rxb3 Qe1+ 38. Ka2 Rxb3 39. Qxb3 Qxe5 40. Qb8+ Nf8 41. a4 Qxc5 42. Nf5 d5 43. Qd6 Qc4+ 44. Ka3 Qxg4 45. Ne7+ Kh7 46. Nxc6 Qf3+ 47. b3 Ne6 48. Qe5 Nc5 49. Nd4 Qc3 50. Qxd5 Nd3 51. Qe4+ Kg8 52. Qe8+ Kh7 53. Qe4+ Kg8 54. Qe8+ Kh7 1/2-1/2

[Event "New York President's Day IM-C"]
[Site "New York"]
[Date "2024.02.18"]
[Round "6"]
[White "Perez Avendano, Paul Omar"]
[Black "Meduri, Aakaash"]
[Result "1-0"]
[WhiteElo "2218"]
[BlackElo "1989"]
[PlyCount "69"]
[EventDate "2024.02.15"]
[EventType "schev"]
[EventRounds "9"]
[EventCountry "USA"]
[SourceTitle "CBM 218 Extra"]
[Source "ChessBase"]
[SourceDate "2024.03.31"]
[SourceVersion "1"]
[SourceVersionDate "2024.03.31"]
[SourceQuality "1"]

1. e4 c5 2. Nc3 Nc6 3. Bb5 Nd4 4. Bc4 e6 5. d3 a6 6. a4 g6 7. Nge2 Bg7 8. 0-0 Ne7 9. Bg5 h6 10. Bh4 0-0 11. f4 f5 12. Kh1 Qe8 13. a5 Nec6 14. Nxd4 Nxd4 15. Na4 d6 16. Nb6 Rb8 17. c3 Nb5 18. exf5 d5 19. fxe6 dxc4 20. e7 Rf7 21. dxc4 Na7 22. Qd6 Bf5 23. Rfe1 Nc6 24. Rad1 Kh7 25. Qxb8 Qxb8 26. e8Q Qxe8 27. Rxe8 Bg4 28. Rde1 Rxf4 29. Bg3 Rf7 30. Bd6 Rf2 31. h3 Bf5 32. R8e2 Rxe2 33. Rxe2 Nxa5 34. Bxc5 Nc6 35. Bd6 1-0

[Event "Mexico City Latinoamericano-B 1st"]
[Site "Mexico City"]
[Date "2021.11.06"]
[Round "7"]
[White "Tapie Amione, Pablo Adib"]
[Black "Perez Avendano, Paul Omar"]
[Result "0-1"]
[WhiteElo "2282"]
[BlackElo "2158"]
[PlyCount "74"]
[EventDate "2021.11.03"]
[EventType "tourn"]
[EventRounds "9"]
[EventCountry "MEX"]
[SourceTitle "CBM 205 Extra"]
[Source "ChessBase"]
[SourceDate "2022.01.31"]
[SourceVersion "1"]
[SourceVersionDate "2022.01.31"]
[SourceQuality "1"]

1. e4 e5 2. Bc4 Nc6 3. Nf3 Nf6 4. d3 Bc5 5. c3 0-0 6. a4 a5 7. Nbd2 d6 8. Nf1 Be6 9. Ng3 d5 10. exd5 Bxd5 11. Bg5 Bxc4 12. dxc4 Be7 13. Qc2 Nd7 14. h4 f6 15. Be3 Bc5 16. 0-0-0 Bxe3+ 17. fxe3 Qe8 18. h5 Qe6 19. Nh4 Nc5 20. Rd5 b6 21. Nhf5 Ne7 22. Nxe7+ Qxe7 23. Nf5 Qe6 24. Rh3 Kh8 25. Rg3 Rg8 26. e4 c6 27. h6 g6 28. Ng7 Qf7 29. Rxc5 bxc5 30. Qf2 Qe7 31. Rf3 Rgf8 32. g4 Rad8 33. Kb1 Qd7 34. Qg1 Qd2 35. Ne6 Qe2 36. Qe3 Qd1+ 37. Qc1 Qxf3 0-1

[Event "Capablanca Memorial Premier 48th"]
[Site "Havana"]
[Date "2013.04.23"]
[Round "3"]
[White "Perez Avendano, Paul Omar"]
[Black "Pazos Gambarrotti, Plinio Efrain"]
[Result "1-0"]
[WhiteElo "2264"]
[BlackElo "2298"]
[PlyCount "111"]
[EventDate "2013.04.21"]
[EventType "tourn"]
[EventRounds "9"]
[EventCountry "CUB"]
[EventCategory "3"]
[SourceTitle "EXT 2014"]
[Source "ChessBase"]
[SourceDate "2013.11.20"]
[SourceVersion "1"]
[SourceVersionDate "2013.11.20"]
[SourceQuality "1"]

1. Nf3 Nf6 2. c4 e6 3. g3 d5 4. Bg2 Be7 5. 0-0 0-0 6. d4 dxc4 7. Ne5 Nc6 8. Bxc6 bxc6 9. Nxc6 Qd6 10. Nxe7+ Qxe7 11. b3 cxb3 12. axb3 Rd8 13. Ba3 Qd7 14. Nc3 Bb7 15. f3 e5 16. dxe5 Qh3 17. exf6 Rxd1 18. Rfxd1 Qe6 19. Bc5 Qxf6 20. Rd3 h5 21. Ra4 Qe6 22. Rh4 a5 23. Kf2 g6 24. Ne4 Bxe4 25. Rxe4 Qc6 26. Be3 Re8 27. Rc4 Qe6 28. Kg2 Rb8 29. Re4 Qc6 30. Kf2 Re8 31. Rc4 Qe6 32. Kg2 Qxe3 33. Rxe3 Rxe3 34. Kf2 Rxb3 35. Rxc7 a4 36. Ra7 Ra3 37. h4 Ra1 38. Ke3 Kg7 39. Ra6 a3 40. Kf4 a2 41. Ke5 Rg1 42. Rxa2 Rxg3 43. Ra4 Rg2 44. e3 Rg3 45. Rf4 Rh3 46. Kd6 Rh1 47. Ke7 f5 48. e4 fxe4 49. fxe4 Rg1 50. Rf7+ Kh6 51. e5 Rg4 52. Rf6 Kg7 53. Rf7+ Kh6 54. Rf6 Ra4 55. e6 Ra7+ 56. Kf8 1-0

[Event "Capablanca Memorial Premier 48th"]
[Site "Havana"]
[Date "2013.04.22"]
[Round "2"]
[White "Ordaz Valdes, Lisandra Teresa"]
[Black "Perez Avendano, Paul Omar"]
[Result "1-0"]
[WhiteElo "2361"]
[BlackElo "2264"]
[PlyCount "146"]
[EventDate "2013.04.21"]
[EventType "tourn"]
[EventRounds "9"]
[EventCountry "CUB"]
[EventCategory "3"]
[SourceTitle "EXT 2014"]
[Source "ChessBase"]
[SourceDate "2013.11.20"]
[SourceVersion "1"]
[SourceVersionDate "2013.11.20"]
[SourceQuality "1"]

1. d4 Nf6 2. c4 e6 3. Nc3 Bb4 4. Qc2 d5 5. a3 Be7 6. Nf3 0-0 7. Bf4 b6 8. e3 a6 9. b4 dxc4 10. Bxc4 Bb7 11. 0-0 Nh5 12. Be5 Nd7 13. Rfd1 Qc8 14. Bd3 g6 15. Ne4 Nxe5 16. Nxe5 Ra7 17. Rdc1 Qa8 18. Nc6 Bxc6 19. Qxc6 Qb8 20. d5 exd5 21. Qxd5 Rd8 22. Qb3 Qc8 23. h3 a5 24. b5 a4 25. Qc4 Qd7 26. Rd1 Qe8 27. Bc2 Nf6 28. Bxa4 Nxe4 29. Qxe4 Bf6 30. Rxd8 Qxd8 31. Ra2 Qe7 32. Qc4 Ra8 33. Bb3 Rd8 34. a4 Be5 35. g3 Bd6 36. Rd2 Rf8 37. Rd4 Qf6 38. Kg2 Qe5 39. Rf4 Qe7 40. Re4 Qf6 41. Qc6 Kg7 42. Qc4 Qf5 43. Rd4 Qf6 44. Qc6 Rd8 45. Rd3 h5 46. e4 Rf8 47. Qd5 Bc5 48. Rf3 Qe7 49. e5 Bb4 50. Ba2 Bc5 51. Rf6 Bb4 52. f4 Bc3 53. h4 Bb2 54. Bb3 Bc3 55. Kh3 Bb2 56. g4 hxg4+ 57. Kxg4 Bc3 58. h5 Kh6 59. Qh1 Kg7 60. Kg5 Bxe5 61. h6+ Kh7 62. Qc6 Rd8 63. Bxf7 Rd6 64. Bxg6+ Kh8 65. Qa8+ Rd8 66. Qxd8+ Qxd8 67. fxe5 Qd2+ 68. Kf5 Qxh6 69. Rf7 Qc1 70. e6 Qc5+ 71. Kf6 Qd4+ 72. Ke7 Qd6+ 73. Kf6 Qd4+ 1-0

[Event "Mexican op 54th"]
[Site "Aguascalientes"]
[Date "2008.03.20"]
[Round "4"]
[White "Perez Avendano, Paul Omar"]
[Black "Escobedo Tinajero, Alberto"]
[Result "1-0"]
[WhiteElo "2139"]
[BlackElo "2374"]
[PlyCount "104"]
[EventDate "2008.03.18"]
[EventType "swiss"]
[EventRounds "9"]
[EventCountry "MEX"]
[SourceTitle "CBM 123 Extra"]
[Source "ChessBase"]
[SourceDate "2008.05.06"]
[SourceVersion "1"]
[SourceVersionDate "2008.05.06"]
[SourceQuality "1"]

1. d4 d5 2. Nf3 Nf6 3. Bf4 Nbd7 4. e3 g6 5. Bd3 Bg7 6. 0-0 Nh5 7. Bg5 h6 8. Bh4 g5 9. Bg3 Nxg3 10. hxg3 e5 11. Bf5 e4 12. Nh2 h5 13. c4 c6 14. cxd5 cxd5 15. Nc3 Nb6 16. Bxc8 Rxc8 17. Rc1 a6 18. g4 hxg4 19. Qxg4 Qd6 20. Qg3 Rh6 21. Qxd6 Rxd6 22. b3 Rdc6 23. Ne2 Rc2 24. Rxc2 Rxc2 25. Ng3 Bf8 26. Ng4 Ba3 27. f3 exf3 28. Rxf3 Rxa2 29. Nf6+ Kd8 30. Nh7 Bd6 31. Nxg5 Bxg3 32. Rxg3 Ke7 33. Rh3 Nc8 34. e4 dxe4 35. Nxe4 Nd6 36. Nxd6 Kxd6 37. Rh6+ Kc7 38. Rf6 Rd2 39. Rxf7+ Kb6 40. Rf3 Ka5 41. Kh2 Kb4 42. Kh3 Rxd4 43. g4 b5 44. Kh4 a5 45. Kh5 a4 46. bxa4 bxa4 47. g5 a3 48. Rxa3 Kxa3 49. g6 Rd1 50. g7 Rg1 51. Kh6 Kb4 52. Kh7 Rxg7+ 1-0

[Event "MEX-ch Nat & Int 48th"]
[Site "Hermosillo"]
[Date "2002.03.30"]
[Round "7"]
[White "Frias Careaga, Fabio"]
[Black "Perez Avendano, Paul Omar"]
[Result "0-1"]
[WhiteElo "1399"]
[BlackElo "2092"]
[PlyCount "66"]
[EventDate "2002.03.26"]
[EventType "swiss"]
[EventRounds "9"]
[EventCountry "MEX"]
[SourceTitle "EXT 2003"]
[Source "ChessBase"]
[SourceDate "2002.11.25"]
[SourceVersion "1"]
[SourceVersionDate "2002.11.25"]
[SourceQuality "1"]

1. d4 Nf6 2. Nf3 c5 3. e3 e6 4. Bd3 Nc6 5. c3 d5 6. Nbd2 Be7 7. 0-0 0-0 8. Re1 b6 9. Qe2 Bb7 10. h3 Qc7 11. dxc5 bxc5 12. e4 Rfe8 13. exd5 exd5 14. Qd1 Rad8 15. a3 d4 16. c4 a5 17. Ne4 Nxe4 18. Bxe4 Bf6 19. Rb1 h6 20. Qc2 Re7 21. Bd2 Rde8 22. Bd5 Ne5 23. Bxb7 Qxb7 24. Nxe5 Bxe5 25. Bxa5 Bb8 26. Rxe7 Qxe7 27. Qd2 Qd6 28. g3 h5 29. Re1 Rf8 30. h4 Qa6 31. b4 Bd6 32. Qd3 Rc8 33. bxc5 Qxa5 0-1

[Event "MEX-ch Nat & Int 48th"]
[Site "Hermosillo"]
[Date "2002.03.30"]
[Round "8"]
[White "Perez Avendano, Paul Omar"]
[Black "Ambrosio Gallardo, Felix"]
[Result "0-1"]
[WhiteElo "2092"]
[BlackElo "2122"]
[PlyCount "100"]
[EventDate "2002.03.26"]
[EventType "swiss"]
[EventRounds "9"]
[EventCountry "MEX"]
[SourceTitle "EXT 2003"]
[Source "ChessBase"]
[SourceDate "2002.11.25"]
[SourceVersion "1"]
[SourceVersionDate "2002.11.25"]
[SourceQuality "1"]

1. d4 d5 2. Nf3 c6 3. g3 e6 4. Bg2 Nf6 5. 0-0 Be7 6. c4 0-0 7. Qc2 Nbd7 8. b3 b6 9. cxd5 cxd5 10. Bf4 Bb7 11. Nbd2 Rc8 12. Qb2 b5 13. Rac1 Qa5 14. Rxc8 Rxc8 15. Rd1 Ba3 16. Qb1 Qc3 17. e3 Qc2 18. Ne1 Qc3 19. Bf1 a6 20. Bd3 h6 21. h4 Nh5 22. Ng2 Nxf4 23. Nxf4 Bd6 24. Ne2 Qa5 25. Nf3 Nf6 26. Rc1 Rxc1+ 27. Nxc1 Ne4 28. Qc2 Qc7 29. Qxc7 Bxc7 30. Ne2 Kf8 31. Kf1 Ke7 32. Kg2 Bd6 33. g4 Bc6 34. Ne5 Bxe5 35. dxe5 Nc5 36. Nd4 Nxd3 37. Nxc6+ Kd7 38. Nd4 Nxe5 39. Kg3 b4 40. Nc2 a5 41. Ne1 Kd6 42. f4 Nc6 43. Nd3 f6 44. g5 h5 45. gxf6 gxf6 46. Kf3 Ne7 47. e4 Ng6 48. Ke3 dxe4 49. Kxe4 Nxh4 50. Nb2 Nf5 0-1

[Event "Merida op"]
[Site "Merida"]
[Date "2001.??.??"]
[Round "2"]
[White "Arias, Lemnys A"]
[Black "Perez Avendano, Paul Omar"]
[Result "1/2-1/2"]
[WhiteElo "2252"]
[BlackElo "2092"]
[PlyCount "80"]
[EventDate "2001.??.??"]
[EventType "swiss"]
[EventRounds "4"]
[EventCountry "MEX"]
[SourceTitle "EXT 2002"]
[Source "ChessBase"]
[SourceDate "2001.11.25"]
[SourceVersion "1"]
[SourceVersionDate "2001.11.25"]
[SourceQuality "1"]

1. e4 c5 2. Nf3 d6 3. d4 Nf6 4. Nc3 cxd4 5. Nxd4 a6 6. Rg1 e5 7. Nb3 Be6 8. g4 d5 9. g5 Nxe4 10. Nxe4 dxe4 11. Qxd8+ Kxd8 12. Be3 Kc7 13. 0-0-0 Nc6 14. Bg2 Nb4 15. Nc5 Nxa2+ 16. Kb1 Nb4 17. Bxe4 Bxc5 18. Bxc5 Nc6 19. Bd6+ Kb6 20. Bxc6 Kxc6 21. Bxe5 Rhd8 22. Bxg7 Rd5 23. Rxd5 Kxd5 24. b3 Ke4 25. Kb2 Rd8 26. Kc3 Kf3 27. Bd4 Bf5 28. Rg3+ Ke2 29. Re3+ Kd1 30. Re7 Rd7 31. Rxd7 Bxd7 32. Kb2 Kd2 33. Be3+ Ke2 34. h4 Kf3 35. h5 Ke4 36. Kc3 Bg4 37. h6 Be6 38. Kb4 Kf5 39. Kc5 Bc8 40. Kd6 Be6 1/2-1/2